LEADER 01294nam a2200253 u 4500 001 000000005336 003 CaOOAMICUS 005 20070226104742.0 008 940514m19461950it ch u000 u ita u 035 $a10140566 040 $aPUL(R)$bita 100 1 $aAbbagnano, Nicola,$d1901-1990.$0(OLS)http://pul/name/5565 245 10$aStoria della filosofia /$cNicola Abbagnano. 260 $aTorino :$bUTET,$c1946-50. 300 $a2 v. in 3. ports., facsims. ;$c27 cm 505 0 $av. 1. : Filosofia antica, Filosofia patristica, Filosofia scolastica -- v. 2. (parte prima) : Filosofia moderna sino alla fine del sec. XVIII -- v. 2. (parte seconda) : Filosofia del Romanticismo, Filosofia contemporanea. 650 0$aPhilosophy$xHistory.$2//eng$0(OLS)http://pul/subject/4778 850 $aPUL 852 $aPUL$W1$xDP2 Filosofia 1$y62$m91 A 43$j145959$nBK-PRI$bv. 1$qStampati$B7474$CPULBib$Z2$F7474 $82 852 $aPUL$W1$xDP2 Filosofia 1$y62$m91 A 44$j145960$nBK-PRI$bv. 2$qStampati$B7475$CPULBib$Z2$F7475 $82 852 $aPUL$W1$xDP2 Filosofia 1$y62$m91 A 45$j145961$nBK-PRI$bv. 3$qStampati$B144672$CPULBib$Z2$F144672 $82 941 1 $a8 996 $6245$aStoria della filosofia$9(OLS)http://pul/title/7809 996 $6260$aTorino :$bUTET$9(OLS)http://pul/publisher/48088 LEADER 01244nam a2200289 u 4500 001 000000063281 003 CaOOAMICUS 005 20070226121227.0 008 011023s1987 it u000 u ita u 035 $a10907465 040 $aPUL(R)$bita 100 1 $aDalledonne, Andrea.$0(OLS)http://pul/name/34753 245 10$aTomismo contro sovversione :$brileggendo Domenico Giuliotti /$cAndrea Dalledonne. 260 $a[S.l.] :$bMarzorati,$cc1987. 300 $a195 p. ;$c24 cm 490 1 $aCentro studi di filosofia italiana. Testi e interpretazioni ;$v3 500 $aComprende indici. 504 $aBibliografia in nota. 600 14$aGiuliotti, Domenico,$d1877-1956.$0(OLS)http://pul/subject/23754 650 4$aTomismo.$0(OLS)http://pul/subject/597 830 0$aTesti e interpretazioni (Centro studi di filosofia italiana) ;$v3.$0(OLS)http://pul/title/84401 850 $aPUL 852 $aPUL$W1$xSL Religione 1$y3$m70 H 55$j82124$nBK-PRI$b $qStampati$B82124$CPULBib$Z2$F82124 $H $81 941 1 $a8 961 $aINV: 69991 996 $6245$aTomismo contro sovversione :$brileggendo Domenico Giuliotti$9(OLS)http://pul/title/84400 996 $6260$a[S.l.] :$bMarzorati$9(OLS)http://pul/publisher/70593